| 000 | 00000nam 2200000za 4500 |
| 001 | 9.854795 |
| 003 | CaOODSP |
| 005 | 20230131161138 |
| 007 | cr ||||||||||| |
| 008 | 180406t20142014oncab ob f001 0 eng d |
| 020 | |z978-1-55455-292-4 (HC) |
| 040 | |aCaOODSP|beng |
| 043 | |an-cn--- |
| 086 | 1 |aM184-8/2014E-PDF |
| 245 | 00|aCanada's groundwater resources |h[electronic resource] / |ccompiled and edited by Alfonso Rivera. |
| 246 | 30|aGroundwater resources |
| 260 | |aMarkham, ON : |bFitzhenry & Whiteside, |c[2014], c2014 |
| 300 | |axviii, 803 p. : |bcol. ill. maps. |
| 504 | |aIncludes bibliographical references and index. |
| 530 | |aIssued also in print. |
| 692 | 07|2gccst|aGroundwater |
| 692 | 07|2gccst|aHydrogeology |
| 700 | 1 |aRivera, Alfonso. |
| 710 | 2 |aGeological Survey of Canada. |
| 856 | 40|qPDF|s1.14 GB|uhttps://publications.gc.ca/collections/collection_2018/rncan-nrcan/M184-8-2014-eng.pdf |